000 00360nam a2200145Ia 4500
005 20240821152058.0
008 240821s9999||||xx |||||||||||||| ||und||
082 _a374 HOU
100 _aHoule, Cyril O.
245 0 _aContinuing your education
260 _aNew York
_bMcGraw-Hill Book Co.
_c1964
300 _a183p
650 _aAdult Education
942 _cBK
999 _c59149
_d59149